| Tag |
First Indicator |
Second Indicator |
Subfields |
| LEADER |
00000cem a22000004a 4500 |
| 001 |
in00002066921 |
| 005 |
20151102052439.0 |
| 007 |
ad canzn |
| 008 |
041206s1967 xr g e 0 eng |
| 010 |
|
|
|a 2004622434
|z 93676672
|
| 034 |
1 |
|
|a a
|b 1000000
|
| 035 |
|
|
|a (OCoLC)ocm57186369
|
| 040 |
|
|
|a DLC
|c DLC
|d OCLCQ
|d TXA
|d UtOrBLW
|
| 041 |
1 |
|
|a eng
|h cze
|
| 042 |
|
|
|a pcc
|
| 043 |
|
|
|a e-cs---
|
| 049 |
|
|
|a TXAM
|
| 050 |
0 |
0 |
|a G1946.C5
|b R4 1967
|
| 052 |
|
|
|a 6511
|
| 245 |
0 |
0 |
|a Regional geology of Czechoslovakia :
|b geological atlas /
|c [chief editor, Odolen Kodym ; translated by Helena Zárubová].
|
| 246 |
1 |
8 |
|a Geological atlas
|
| 255 |
|
|
|a Scale 1:1,000,000.
|
| 264 |
|
1 |
|a Prague :
|b Geological Survey of Czechoslovakia, in cooperation with the Central Office of Geodesy and Cartography,
|c 1967.
|
| 300 |
|
|
|a 1 atlas (8 pages, 7 unnumbered folded leaves of plates) :
|b folded color maps ;
|c 25 cm.
|
| 336 |
|
|
|a cartographic image
|b cri
|2 rdacontent
|
| 337 |
|
|
|a unmediated
|b n
|2 rdamedia
|
| 338 |
|
|
|a volume
|b nc
|2 rdacarrier
|
| 500 |
|
|
|a Relief shown by spot heights.
|
| 500 |
|
|
|a Issued in porfolio.
|
| 500 |
|
|
|a Text on verso of map sheets.
|
| 500 |
|
|
|a "29-233-68, 18/20 Jčs 39"--P. [4] of cover.
|
| 500 |
|
|
|a Cartographic material.
|
| 650 |
|
0 |
|a Geology
|z Czechoslovakia
|v Maps.
|
| 700 |
1 |
|
|a Kodym, Odolen.
|
| 710 |
2 |
|
|a Ústřední ústav geologický (Czech Republic)
|
| 948 |
|
|
|a cataloged
|b h
|c 2005/8/31
|d c
|e jgreene
|f 11:24:23 am
|
| 994 |
|
|
|a C0
|b TXA
|
| 999 |
|
|
|a MARS
|
| 999 |
f |
f |
|s a76ef073-e6c8-3a6e-8b0e-9037fd09a9e7
|i 0c90fdcf-4c0e-3adf-8dc6-c69630db7ae3
|t 0
|
| 952 |
f |
f |
|p ric
|a Texas A&M University
|b Rellis Campus
|c Joint Library Facility
|d Remote Storage
|t 0
|e G1946.C5 R4 1967
|h Library of Congress classification
|i unmediated -- volume
|m A14832955775
|
| 998 |
f |
f |
|a G1946.C5 R4 1967
|t 0
|l Remote Storage
|